Central Library OPAC University of Rajshahi

The book of English law : (Record no. 46222)

MARC details
000 -LEADER
fixed length control field 00745nam a2200253 a 4500
001 - CONTROL NUMBER
control field 46222
003 - CONTROL NUMBER IDENTIFIER
rucl marc code BD-RjUL
005 - DATE AND TIME OF LATEST TRANSACTION
control field 20211209054125.0
008 - FIXED-LENGTH DATA ELEMENTS--GENERAL INFORMATION
fixed length control field 010816s1953 xx 000 0 eng
035 ## - SYSTEM CONTROL NUMBER
System control number (BD-RjUL)
System control number (OCoLC)2063175
-- (BD-RjUL)46340
040 ## - CATALOGING SOURCE
Original cataloging agency DLC
Transcribing agency ICarbS
Modifying agency Uk
-- BD-RjUL
Language of cataloging eng
041 ## - LANGUAGE CODE
Language code of text/sound track or separate title eng
082 ## - DEWEY DECIMAL CLASSIFICATION NUMBER
Classification number 347.0942
Author mark and year JEB 1953
100 1# - MAIN ENTRY--PERSONAL NAME
Personal name Jenks, Edward
Dates associated with a name 1861-1939.
9 (RLIN) 140460
245 14 - TITLE STATEMENT
Title The book of English law :
Remainder of title as at the end of the year 1952 /
250 ## - EDITION STATEMENT
Edition statement 5th rev. ed. /
260 ## - PUBLICATION, DISTRIBUTION, ETC. (IMPRINT)
Place of publication, distribution, etc. London :
Name of publisher, distributor, etc. Murray
Date of publication, distribution, etc. 1953
300 ## - PHYSICAL DESCRIPTION
Pagination xvi, 347 p. :
Size 23 cm.
650 #0 - SUBJECT ADDED ENTRY--TOPICAL TERM
Topical term or geographic name as entry element Law
Geographic subdivision Great Britain.
9 (RLIN) 141202
700 1# - ADDED ENTRY--PERSONAL NAME
Personal name Davies, David James Llewelyn,
Dates associated with a name 1903-
942 ## - ADDED ENTRY ELEMENTS (KOHA)
Source of classification or shelving scheme Dewey Decimal Classification
Koha item type Books
Holdings
Lost status Source of classification or shelving scheme Damaged status Not for loan Collection code Permanent Location Current Location Shelving location Date acquired Source of acquisition Cost, normal purchase price Total Checkouts Full call number Date last seen Copy number Koha item type
  Dewey Decimal Classification     Non-fiction Central Library, University of Rajshahi Central Library, University of Rajshahi   07/02/1955 U.D.B 0.00   347.0942 JEB 1953 01/08/2016 C-2 Books